Normal view
MARC view
Entry Personal Name
001 - CONTROL NUMBER
- control field: 11458
003 - CONTROL NUMBER IDENTIFIER
- control field: ARRUPE
005 - DATE AND TIME OF LATEST TRANSACTION
- control field: 20140923111634.0
008 - FIXED-LENGTH DATA ELEMENTS
- fixed length control field: 140923|| aca||aabn | a|a d
040 ## - CATALOGING SOURCE
- Original cataloging agency: ARRUPE
- Transcribing agency: ARRUPE
100 ## - HEADING--PERSONAL NAME
- Personal name: Brock,Werner
670 ## - SOURCE DATA FOUND
- Source citation: Work cat.: (ARRUPE): Brock,Werner, An introduction to contemporary German philosophy, 1935